00520 a2200157 4500020001500000040001300015082000800028245003700036260004100073300002100114440003300135650003600168942002100204999001500225952012200240 a8186830693 aDLCbDLC a423 aCrossword dictionary cPentagon. aNew Delhi :bPentagon Press,cc2004. a835 p. :c20 cm. aPentagon's reference library aEnglish languagexDictionaries. cBKk423 PEN2ddc c4806d4806 001040708NFICaCLbCLcGENd2007-01-24eSaeed Book Bankg374.32o423 PENpSEECS008042r2012-11-14w2017-01-05yREF